000 00682nam a2200193 i 4500
001 106608
003 ES-MaACL
005 20230906184221.0
007 t|
008 061205s1967 it ||||1| ita d
080 _a(038)=134.2=124
100 1 _aBadellino, Oreste.
_924524
245 1 0 _aDizionario italiano-latino
_b: in correlazione con il dizionario latino-italiano Georges-Calonghi /
_cOreste Badellino.
250 _aEdizione speciale.
260 _aTorino :
_bRosenberg & Sellier,
_c1967.
300 _a4261 p. ;
_c25 cm.
650 1 4 _aLengua italiana-
_vDiccionarios-
_xLatín.
_914289
852 4 _aES-MaACL
_jE-11414
_9R.139018
_z. - Biblioteca Jacinto Martínez Lacalle
999 _c106608
_d106608